MARC details
| 000 -CABECERA |
| campo de control de longitud fija |
01656nam a22002777a 4500 |
| 003 - IDENTIFICADOR DEL NÚMERO DE CONTROL |
| campo de control |
DO-SdBNP |
| 005 - FECHA Y HORA DE LA ÚLTIMA TRANSACCIÓN |
| campo de control |
20220531084020.0 |
| 007 - CAMPO FIJO DE DESCRIPCIÓN FÍSICA--INFORMACIÓN GENERAL |
| campo de control de longitud fija |
ta |
| 008 - DATOS DE LONGITUD FIJA--INFORMACIÓN GENERAL |
| campo de control de longitud fija |
210708e2017 dr ||||frg||| 001 0 spa d |
| 040 ## - FUENTE DE LA CATALOGACIÓN |
| Centro catalogador/agencia de origen |
DO-SdBNP |
| Lengua de catalogación |
spa |
| Centro/agencia transcriptor |
BNPHU |
| 041 ## - CÓDIGO DE LENGUA |
| Código de lengua original |
spa |
| 082 #4 - NÚMERO DE LA CLASIFICACIÓN DECIMAL DEWEY |
| Número de documento/Ítem |
M843d |
| Número de edición |
22 |
| 100 1# - ENTRADA PRINCIPAL--NOMBRE DE PERSONA |
| Nombre de persona |
Moreno García, Guillermo Antonio |
| Fechas asociadas al nombre |
1956 |
| 9 (RLIN) |
79147 |
| 245 13 - MENCIÓN DE TÍTULO |
| Título |
Denuncia penal contra Danilo Medina y otros implicado en expediente Odebrecht / |
| Mención de responsabilidad, etc. |
Guillermo Moreno |
| 260 ## - PUBLICACIÓN, DISTRIBUCIÓN, ETC. |
| Lugar de publicación, distribución, etc. |
[Santo Domingo] : |
| Nombre del editor, distribuidor, etc. |
[Alianza País], |
| Fecha de publicación, distribución, etc. |
2017 |
| 300 ## - DESCRIPCIÓN FÍSICA |
| Extensión |
133 p. ; |
| Dimensiones |
21 cm. |
| 500 ## - NOTA GENERAL |
| Nota general |
Incluye bibliografía y notas al pié de páginas. |
| 500 ## - NOTA GENERAL |
| Nota general |
Incluye anexos. |
| 505 ## - NOTA DE CONTENIDO CON FORMATO |
| Título |
I. De la facultad de los ciudadanos de denunciar los actos de corrupción.-- |
| -- |
II. Pertinencia y oportunidad de la presente denuncia y de la ampliación de la investigación.-- |
| -- |
III. Relato circunstanciados de los hechos punibles y del desenvolvimiento procesal llevado a cabo por el Procurador General de la República.-- |
| -- |
IV. Alcance y carencias de la investigación penal llevada a cabo por la Procuraduría.-- |
| -- |
V. Denuncia y solicitud de ampliación de la investigación de los sobornos y otras prácticas ilícitas realizadas por Odebrecht entre 2001 - 2014.-- |
| -- |
VI. Violaciones que resultan de los hechos punibles expuestos.-- |
| -- |
VII. Conclusiones.-- |
| -- |
Anexos 1 y 2 |
| 590 ## - NOTA LOCAL (RLIN) |
| Nota local |
Inventariado 2021/ MF |
| 650 #4 - PUNTO DE ACCESO ADICIONAL DE MATERIA--TÉRMINO DE MATERIA |
| 9 (RLIN) |
12359 |
| Término de materia o nombre geográfico como elemento de entrada |
Corrupcion administrativa |
| Subdivisión geográfica |
República Dominicana |
| 650 #4 - PUNTO DE ACCESO ADICIONAL DE MATERIA--TÉRMINO DE MATERIA |
| 9 (RLIN) |
6079 |
| Término de materia o nombre geográfico como elemento de entrada |
Corrupción política |
| Subdivisión geográfica |
República Dominicana |
| 650 #4 - PUNTO DE ACCESO ADICIONAL DE MATERIA--TÉRMINO DE MATERIA |
| 9 (RLIN) |
14483 |
| Término de materia o nombre geográfico como elemento de entrada |
Administración de Justicia Penal |
| Subdivisión general |
Investigaciones |
| 650 #4 - PUNTO DE ACCESO ADICIONAL DE MATERIA--TÉRMINO DE MATERIA |
| 9 (RLIN) |
77535 |
| Término de materia o nombre geográfico como elemento de entrada |
Partidos políticos |
| Subdivisión cronológica |
|
| Subdivisión geográfica |
República Dominicana |
| 942 ## - ELEMENTOS DE PUNTO DE ACCESO ADICIONAL (KOHA) |
| Fuente del sistema de clasificación o colocación |
Dewey Decimal Classification |
| Tipo de ítem Koha |
Libro |